[Event "Hamburg-chT Landesliga 1819"]
[Site "Hamburg"]
[Date "2019.04.14"]
[Round "9.6"]
[White "Kuckelkorn, Thomas"]
[Black "Hoppe, Daniel"]
[Result "1/2-1/2"]
[WhiteElo "1946"]
[BlackElo "2000"]
[PlyCount "47"]
[EventDate "2018.10.21"]
[EventType "team-tourn"]
[EventRounds "9"]
[EventCountry "GER"]
[SourceTitle "EXT 2020"]
[Source "ChessBase"]
[SourceDate "2019.10.17"]
[SourceVersion "1"]
[SourceVersionDate "2019.10.17"]
[SourceQuality "1"]
[WhiteTeam "Barmbek"]
[BlackTeam "Harburg Diagonale"]
[WhiteTeamCountry "GER"]
[BlackTeamCountry "GER"]

1. d4 Nf6 2. Nf3 d6 3. c4 g6 4. Nc3 Bg7 5. Bg5 Na6 6. e3 c5 7. Be2 0-0 8. 0-0 h6 9. Bh4 g5 10. Bg3 Nh5 11. Qd2 Nxg3 12. hxg3 Bf5 13. Rfd1 Rc8 14. Rac1 b6 15. a3 Nc7 16. b4 Na6 17. b5 Nc7 18. dxc5 dxc5 19. Qe1 Qe8 20. Bd3 Bg4 21. Be4 f5 22. Bc6 Qf7 23. Nd5 Ne6 24. Bd7 1/2-1/2

[Event "Hamburg-ch MA"]
[Site "Hamburg"]
[Date "2011.10.09"]
[Round "9.5"]
[White "Schroeder, Christoph"]
[Black "Kuckelkorn, Thomas"]
[Result "0-1"]
[WhiteElo "2220"]
[BlackElo "1996"]
[PlyCount "52"]
[EventDate "2011.10.09"]
[EventType "swiss"]
[EventRounds "9"]
[EventCountry "GER"]
[SourceTitle "EXT 2012"]
[Source "ChessBase"]
[SourceDate "2011.11.24"]
[SourceVersion "1"]
[SourceVersionDate "2011.11.24"]
[SourceQuality "1"]

1. d4 Nf6 2. Nf3 g6 3. c4 Bg7 4. Nc3 0-0 5. e4 d6 6. h3 e5 7. d5 a5 8. Bg5 Na6 9. Nd2 Qe8 10. Be2 Kh8 11. g4 Bd7 12. h4 Qc8 13. Rg1 Nc5 14. h5 Kg8 15. Rg3 h6 16. Bxh6 Bxh6 17. g5 Bxg5 18. Rxg5 Kg7 19. hxg6 fxg6 20. f3 Qd8 21. Rg1 Nh5 22. Nf1 Qh4+ 23. Kd2 Qf2 24. Rh1 Rxf3 25. Rh2 Rd3+ 26. Kc2 Rxd1 0-1

[Event "Hamburg-ch MA"]
[Site "Hamburg"]
[Date "2011.10.04"]
[Round "4.4"]
[White "Kuckelkorn, Thomas"]
[Black "Ritscher, Jan Paul"]
[Result "1-0"]
[WhiteElo "1996"]
[BlackElo "2286"]
[PlyCount "111"]
[EventDate "2011.10.09"]
[EventType "swiss"]
[EventRounds "9"]
[EventCountry "GER"]
[SourceTitle "EXT 2012"]
[Source "ChessBase"]
[SourceDate "2011.11.24"]
[SourceVersion "1"]
[SourceVersionDate "2011.11.24"]
[SourceQuality "1"]

1. d4 f5 2. g3 Nf6 3. Bg2 e6 4. Nf3 d5 5. c4 c6 6. b3 Bd6 7. 0-0 Qe7 8. Ne5 0-0 9. Qc2 b6 10. cxd5 cxd5 11. Nc4 Nc6 12. Nxd6 Qxd6 13. Ba3 Nb4 14. Qd2 a5 15. f3 Ba6 16. Nc3 Rfc8 17. Rac1 Rc6 18. Bb2 Rc7 19. a3 Nc6 20. Rfe1 b5 21. Nd1 b4 22. a4 Rac8 23. Nf2 Ne7 24. Nd3 Nd7 25. Rxc7 Rxc7 26. Rc1 h6 27. Kf2 Bxd3 28. Qxd3 f4 29. Bh3 Kf7 30. Rc2 Rxc2 31. Qxc2 Nf6 32. Bc1 fxg3+ 33. hxg3 Nh5 34. f4 Nf6 35. Bg2 Qc6 36. Qc5 Qxc5 37. dxc5 Ke8 38. Bb2 Kd7 39. Bf3 Kc6 40. Bd4 Nf5 41. e3 Ne4+ 42. Bxe4 dxe4 43. Be5 g6 44. g4 Ne7 45. Bf6 Nd5 46. Bd8 Nc7 47. Kg3 Kd7 48. Bxc7 Kxc7 49. f5 exf5 50. gxf5 gxf5 51. Kf4 Kc6 52. Kxf5 Kxc5 53. Kg6 Kd5 54. Kxh6 Kd6 55. Kh5 Kd5 56. Kg4 1-0

[Event "Hamburg-ch MA"]
[Site "Hamburg"]
[Date "2011.10.03"]
[Round "3.1"]
[White "Kuckelkorn, Thomas"]
[Black "Reddmann, Hauke"]
[Result "0-1"]
[WhiteElo "1996"]
[BlackElo "2338"]
[PlyCount "88"]
[EventDate "2011.10.09"]
[EventType "swiss"]
[EventRounds "9"]
[EventCountry "GER"]
[SourceTitle "EXT 2012"]
[Source "ChessBase"]
[SourceDate "2011.11.24"]
[SourceVersion "1"]
[SourceVersionDate "2011.11.24"]
[SourceQuality "1"]

1. d4 Nf6 2. Nf3 e6 3. e3 b6 4. Bd3 c5 5. b3 cxd4 6. exd4 Bb7 7. 0-0 Be7 8. Bb2 Nc6 9. Re1 0-0 10. a3 Rc8 11. Nbd2 Qc7 12. Rc1 d5 13. Ne5 Bd6 14. Qf3 Ne7 15. Qh3 Ng6 16. g3 Rfe8 17. Bb5 Re7 18. Bd3 Nd7 19. f4 Ndf8 20. Ndf3 Qd8 21. Qg2 Rcc7 22. h4 f6 23. h5 Nh8 24. Ng4 h6 25. Qh3 Bc6 26. Kf2 Qe8 27. Re2 Rc8 28. Rce1 Bb5 29. Bxb5 Qxb5 30. f5 exf5 31. Ne3 Rce8 32. Qxf5 Nf7 33. g4 Re4 34. a4 Qc6 35. Qxd5 Qxd5 36. Nxd5 Bg3+ 37. Kxg3 Rxe2 38. Rc1 Nd6 39. Ba3 Ne4+ 40. Kf4 Ne6+ 41. Kf5 Kf7 42. Rg1 Nxd4+ 43. Nxd4 Rf2+ 44. Nf4 Re5# 0-1

[Event "Hamburg-ch MA"]
[Site "Hamburg"]
[Date "2011.10.01"]
[Round "2.4"]
[White "Wenzel, Birger"]
[Black "Kuckelkorn, Thomas"]
[Result "0-1"]
[WhiteElo "2072"]
[BlackElo "1996"]
[PlyCount "66"]
[EventDate "2011.10.09"]
[EventType "swiss"]
[EventRounds "9"]
[EventCountry "GER"]
[SourceTitle "EXT 2012"]
[Source "ChessBase"]
[SourceDate "2011.11.24"]
[SourceVersion "1"]
[SourceVersionDate "2011.11.24"]
[SourceQuality "1"]

1. d4 Nf6 2. c4 g6 3. Nc3 Bg7 4. e4 d6 5. Nf3 0-0 6. Be2 e5 7. 0-0 Nc6 8. d5 Ne7 9. Nd2 Nd7 10. b4 f5 11. c5 Nf6 12. f3 g5 13. Nc4 f4 14. a4 Ne8 15. Ba3 Rf6 16. b5 Kh8 17. b6 axb6 18. cxb6 c5 19. dxc6 Nxc6 20. Nd5 Rh6 21. Bb2 Nd4 22. Bxd4 exd4 23. Qd3 Bd7 24. Bd1 Bc6 25. Nb4 Bd7 26. Bb3 Be5 27. Nd5 g4 28. fxg4 Bxg4 29. Nxf4 Qg5 30. Nxe5 dxe5 31. Ne2 Nf6 32. Ng3 Rc8 33. Rac1 Rxc1 0-1

[Event "Regionalliga SW 0001"]
[Site "Bayern"]
[Date "2000.10.15"]
[Round "1.8"]
[White "Amelang, Thomas"]
[Black "Kuckelkorn, Thomas"]
[Result "0-1"]
[WhiteElo "2134"]
[BlackElo "1975"]
[PlyCount "74"]
[EventDate "2000.10.15"]
[EventType "team-tourn"]
[EventRounds "9"]
[EventCountry "GER"]
[SourceTitle "EXT 2002"]
[Source "ChessBase"]
[SourceDate "2001.11.25"]
[SourceVersion "1"]
[SourceVersionDate "2001.11.25"]
[SourceQuality "1"]
[WhiteTeam "Pasing II"]
[BlackTeam "Muenchen Tarrasch"]
[WhiteTeamCountry "GER"]
[BlackTeamCountry "GER"]

1. e4 c5 2. Nc3 d6 3. g3 Nc6 4. Bg2 g6 5. d3 Bg7 6. Be3 e6 7. Qd2 Nd4 8. Nd1 Ne7 9. c3 Ndc6 10. Bh6 Bxh6 11. Qxh6 Kd7 12. Qd2 b5 13. Nf3 Rb8 14. b4 cxb4 15. cxb4 a5 16. a3 Qb6 17. d4 axb4 18. axb4 Bb7 19. Ne3 Ra8 20. Rb1 Rhc8 21. Ng4 Ng8 22. 0-0 Nce7 23. Rfe1 f5 24. exf5 gxf5 25. Nh6 Nf6 26. Ng5 Bxg2 27. Kxg2 Ne4 28. Nxe4 fxe4 29. Rxe4 Qc6 30. Rbe1 Qd5 31. Ng4 Ng8 32. Qd3 Ra2 33. Ne3 Qb7 34. d5 e5 35. Rh4 Rf8 36. Rxh7+ Ne7 37. Rxe7+ Kxe7 0-1

[Event "Regionalliga SW 9900"]
[Site "Bayern"]
[Date "1999.??.??"]
[Round "1.7"]
[White "Kuckelkorn, Thomas"]
[Black "Harting, Andreas"]
[Result "0-1"]
[WhiteElo "1940"]
[BlackElo "1880"]
[PlyCount "118"]
[EventDate "1999.??.??"]
[EventType "team-tourn"]
[EventRounds "9"]
[EventCountry "GER"]
[SourceTitle "EXT 2020"]
[Source "ChessBase"]
[SourceDate "2019.10.17"]
[SourceVersion "1"]
[SourceVersionDate "2019.10.17"]
[SourceQuality "1"]
[WhiteTeam "Muenchen Tarrasch"]
[BlackTeam "Noerdlingen"]
[WhiteTeamCountry "GER"]
[BlackTeamCountry "GER"]

1. d4 c6 2. c4 d5 3. Nc3 Nf6 4. Nf3 e6 5. Bg5 Be7 6. e3 Ne4 7. Nxe4 dxe4 8. Bxe7 Qxe7 9. Nd2 f5 10. Qb3 b6 11. Be2 Bb7 12. c5 b5 13. f3 exf3 14. Bxf3 Nd7 15. e4 Nf6 16. e5 Nd5 17. Bxd5 exd5 18. 0-0 Bc8 19. a4 Rb8 20. axb5 Rxb5 21. Qc3 0-0 22. Ra3 a6 23. Nf3 Qb7 24. b3 h6 25. Nh4 Qf7 26. Nf3 g5 27. Re1 Re8 28. Rf1 Re6 29. Ra2 Rg6 30. Ne1 Qb7 31. Rb2 Rg7 32. Nd3 Qb8 33. b4 Qc7 34. Kh1 f4 35. g3 fxg3 36. hxg3 Qd7 37. Rh2 Qe6 38. Rf6 Qg4 39. Nf2 Qe2 40. Kg2 h5 41. Rxh5 Qxh5 42. Rxc6 Rb8 43. Qb3 Bb7 44. Rb6 Rh7 45. c6 Qh2+ 46. Kf1 Rf8 47. Qxd5+ Kh8 48. Qg2 Rxf2+ 49. Qxf2 Qh1+ 50. Ke2 Rh2 51. Qxh2+ Qxh2+ 52. Kd3 Qxg3+ 53. Kc4 Bc8 54. Rb8 Qh3 55. d5 Kg7 56. Kc5 Qf5 57. c7 g4 58. Rxc8 Qxc8 59. d6 Qd7 0-1

[Event "Regionalliga SW 9900"]
[Site "Bayern"]
[Date "1999.??.??"]
[Round "2.7"]
[White "Stuhler, Josef"]
[Black "Kuckelkorn, Thomas"]
[Result "0-1"]
[WhiteElo "1785"]
[BlackElo "1940"]
[PlyCount "84"]
[EventDate "1999.??.??"]
[EventType "team-tourn"]
[EventRounds "9"]
[EventCountry "GER"]
[SourceTitle "EXT 2020"]
[Source "ChessBase"]
[SourceDate "2019.10.17"]
[SourceVersion "1"]
[SourceVersionDate "2019.10.17"]
[SourceQuality "1"]
[WhiteTeam "Lauingen"]
[BlackTeam "Muenchen Tarrasch"]
[WhiteTeamCountry "GER"]
[BlackTeamCountry "GER"]

1. d4 Nf6 2. c4 g6 3. Nc3 Bg7 4. e4 d6 5. Nf3 0-0 6. Be2 Nc6 7. 0-0 e5 8. d5 Ne7 9. Ne1 Nd7 10. Be3 f5 11. f3 f4 12. Bf2 g5 13. Nd3 Nf6 14. Rc1 b6 15. b4 Rf7 16. c5 h5 17. h3 Bh6 18. Qb3 g4 19. hxg4 hxg4 20. cxd6 cxd6 21. Rfd1 Ng6 22. Kf1 g3 23. Bg1 Nh4 24. Rc2 Qd7 25. Ne1 Nxg2 26. Nxg2 Qh3 27. Nb5 Nxe4 28. fxe4 f3 29. Bxf3 Bg4 30. Rd3 Raf8 31. Rcc3 Qh5 32. Nxd6 Rxf3+ 33. Rxf3 Bxf3 34. Nf5 Bxg2+ 35. Ke1 Bf4 36. d6+ Kh8 37. Qe6 Qg5 38. Rc7 Bd2+ 39. Kd1 Bf3+ 40. Kc2 Bxe4+ 41. Kb2 Qxf5 42. Qh6+ Bxh6 0-1

[Event "Berliner Sommer 13th"]
[Site "Berlin"]
[Date "1995.??.??"]
[Round "8"]
[White "Kievelitz, Bernd"]
[Black "Kuckelkorn, Thomas"]
[Result "0-1"]
[WhiteElo "2145"]
[BlackElo "1855"]
[PlyCount "84"]
[EventDate "1995.08.??"]
[EventType "swiss"]
[EventRounds "9"]
[EventCountry "GER"]
[SourceTitle "CBM 047 Extra"]
[Source "ChessBase"]
[SourceDate "1995.09.01"]
[SourceVersion "1"]
[SourceVersionDate "1995.09.01"]
[SourceQuality "1"]

1. Nf3 Nf6 2. c4 g6 3. Nc3 Bg7 4. e4 d6 5. d4 0-0 6. Be3 Nc6 7. h3 e5 8. d5 Nd4 9. Nxd4 exd4 10. Bxd4 c5 11. dxc6 bxc6 12. Bd3 Rb8 13. 0-0 Rxb2 14. Nb5 Nh5 15. Bxg7 Kxg7 16. Qc1 Qf6 17. Nxd6 Qe5 18. Nxc8 Rxc8 19. Qe3 Nf4 20. Rfd1 Rd8 21. Bf1 Rxd1 22. Rxd1 Rxa2 23. c5 Rc2 24. Rc1 Rxc1 25. Qxc1 Ne6 26. Bc4 Qxc5 27. Qa1+ Qd4 28. Qa2 Ng5 29. e5 Ne4 30. e6 fxe6 31. Bxe6 Nc3 32. Qb2 Nb5 33. Qe2 Kf6 34. Bg8 Qa1+ 35. Kh2 Qe5+ 36. Qxe5+ Kxe5 37. Bxh7 Kf6 38. Bg8 a5 39. Kg3 a4 40. Kf4 Nc3 41. Ke3 a3 42. Kd4 Nd5 0-1